=LDR 00000nam 2200000 4500 =001 INLIS000000000015304 =005 20130612110602 =008 ***********************************Ind** =035 ##$$0010-061300000015304 =041 ##$$a Ind =082 ##$$a 636.508.3 =090 ##$$a 636.508.3, RAS-b =100 ##$$a Rosyaf, Muhamad =245 ##$$a Bahan Makanan Unggas di Indonesia, Muhamad Rosyaf =260 ##$$a 1990 $b Yogyakarta =300 ##$$a 118 hlm, 21 cm =650 ##$$a Unggas-Makanan =850 ##$$a NBPNMAT